000 01957nam a22003017a 4500
016 _a080 ABS
020 _a9789550301157
041 _h2
082 _a080
_bABS
100 _aGeneral Sir John Kotelawala Defence University
245 _aGENERAL SIR JOHN KOTELAWALA DEFENCE UNIVERSITY (KDU) : 8th INTERNATIONAL RESEARCH CONFERENCE (IRC-8)
_bIncucating Professionalism for National Development 27th & 28th August 2015
260 _bRatmalana
_aAuthor
_c2015
300 _axliv, 342 p.
_c25cm
365 _b923.00
650 _aසාමාන්‍ය එකතු
650 _aGeneral collections
700 _aGoonasekara, C.L.
_eEdi:
700 _aPremaratne, P.H.
_eEdi:
700 _aAnandawansa, B.D.K.
_eEdi:
942 _cR
_n0
999 _c19541
_d19541